El perfil del administrador ante las nuevas tendencias de la administracion de los recursos humanos / Nora Rivera Nora (Registro nro. 20031)
[ vista simple ]
| 000 -LÍDER | |
|---|---|
| fixed length control field | 00630nam a2200133 4500 |
| 008 - ELEMENTOS DE LONGITUD FIJA -- INFORMACIÓN GENERAL | |
| fixed length control field | 02007 2007 0a 000 0Mex |
| 050 ## - SIGNATURA TOPOGRAFICA DE LA BIBLIOTECA DEL CONGRESO (LC) | |
| Número de Clasificación | HD30.4 M6 R5 2007 |
| 082 ## - NUMERO DE CLASIFICACION DECIMAL DEWEY | |
| Número de Clasificación | 658.311 R5e |
| 100 ## - ASIENTO PRINCIPAL--NOMBRE PERSONAL | |
| Nombre personal | Rivera Ramirez, Nora |
| 245 ## - TÍTULO | |
| Título | El perfil del administrador ante las nuevas tendencias de la administracion de los recursos humanos / Nora Rivera Nora |
| 300 ## - DESCRIPCIÓN FÍSICA | |
| Extensión | 48 p. / 29 cm. |
| 502 ## - NOTA DE TESIS | |
| Nota de tesis | El perfil del administrador ante las nuevas tendencias de la administracion de los recursos humanos ITZ (Lic. Admon) CC. MM. Moises Oracio Villanueva Garcia |
| 650 ## - ASIENTO SECUNDARIO DE MATERIA - TERMINO TEMÁTICO | |
| Término temático o nombre geográfico como elemento de entrada | 1. PERFIL DEL ADMINISTRADOR 2. TENDENCIAS DELA ADMINISTRACION |
| No. biblioteca | No. biblioteca | Número de clasificación | Código de barras/Número de adquisición | Número de copia | Tipo de material |
|---|---|---|---|---|---|
| LUIS G. INCLAN | LUIS G. INCLAN | 658.311 R5e | LA456-2007 | 1 | Libros |
